000 00456nam a2200169Ia 4500
003 GCL
008 140319s9999 xx 000 0 eng d
040 _aGCL /
_cGCL
082 0 4 _a653.092
_bO S
100 1 _aFITZPATRICK, NANEY J.
245 1 0 _aSOUTHERN LIVING 1992: GARDEN ANNUAL /
_cFITZPATRICK, NANEY J.
260 _a[S.N] :
_bOXMOOR HOUSE INC. ،
_c1992
300 _a199 P
650 0 4 _aGARDENS
650 0 4 _aBOTANICAL GARDENS
942 _2ddc
_cBK
999 _c16650
_d16650